000 00306nam a22001337a 4500
008 170522b xxu||||| |||| 00| 0 eng d
020 _a9780198222842
041 _aeng
080 _22ND
_a94(4)
100 _a16
101 _aSHH
245 _aORIGINS OF THE FRENCH REVOLUTION
_cDOYLE,W
942 _2udc
_cBK
999 _c13742
_d13742